Paroles : Dans un autre monde (la Reine des neiges 2) - Statistiques

Statistiques générales
  • Ce quiz a été pris 314 fois
  • Le résultat moyen est 160 sur 204
Statistiques - réponses
Hint Réponse % Correct
je
99%
Je
99%
la
96%
96%
non
96%
non
96%
un
96%
Un
96%
ma
95%
ne
95%
95%
c’est
94%
mais
94%
Mais
94%
au
93%
autre
93%
dans
93%
Refrain Dans
93%
me
93%
monde
93%
tenté
93%
tu
93%
Couplet 2 Tu
93%
Couplet 1 Oui
92%
de
91%
De
91%
pas
91%
n'es
90%
Si
89%
si
89%
Si
89%
t’entends,
89%
que
88%
Couplet 3 Que
88%
solution
88%
une
88%
Une
88%
il
86%
Et
84%
et
84%
Parce
84%
son,
84%
Pré-refrain J'ai
83%
vie
83%
Faire
82%
oh
82%
Pont Oh
82%
comme
81%
qu’un
81%
mille
81%
plus
81%
qui
81%
Qui
81%
raisons
81%
suis
81%
es
80%
mélodie
80%
rien
80%
tes
80%
veux
80%
J'en
78%
perdue
78%
plaît
78%
t'écoutais,
78%
J’aurais
77%
l'aventure
77%
murmures
77%
moi
75%
n'était
75%
l'inconnu
74%
personne
74%
pour
73%
Vers
73%
le
72%
oublierais
71%
D’ignorer 
70%
tout
70%
va
69%
partir
68%
est
67%
jamais
67%
ni
67%
vivre
67%
nuit
66%
vrai
65%
cette
64%
peux
64%
voix ?
64%
en
63%
Ceux
62%
d'où
60%
loin
60%
m'élancer
60%
vas
60%
veut
60%
viens ?
60%
partie
59%
répondrai
59%
Celle
58%
savoir
58%
vent
58%
éveillée
57%
hurler
57%
liberté
57%
J'irai
56%
mieux
56%
Perdre
56%
point
56%
quelqu'un
56%
ressemble
56%
seconde
56%
s'en
56%
seule
56%
abandonné ?
55%
chemin
55%
elle
55%
sans
55%
vouloir
55%
Emmène
54%
Est-ce
54%
comptent
53%
maintient
53%
Pourrait
53%
Vient
53%
jour
49%
pouvoir
49%
Pré-refrain Chaque
48%
défi
48%
nouveau
48%
gloire
47%
Mélange
46%
Ah
41%
ah
41%
Prouve
41%
Rassure
33%
Aucun quiz correspondant
Distribution des résultats
% des personnes avec chaque résultat
Percentile par nombre de réponses
Votre historique - résultats
Vous n’avez pas pris ce quiz